000 00292nam a22001337a 4500
008 180202b xxu||||| |||| 00| 0 eng d
020 _a9780760701461
041 _aeng
080 _a030
100 _a23
101 _aENC
245 _aTHE ENCYCLOPEDIA WISDOM
_cJIHN.M
942 _2udc
_cBK
999 _c41639
_d41639